Wrestler or Supervillain? Quiz Stats

 Plays Quiz Updated Nov 12, 2018

Challenge
Share
Tweet
Embed
Score 0/36 Timer 05:00
1 Play Today
Wrestler/Supervillain Answer % Correct
The Penguin???
77.9%
Edge???
74.5%
The Undertaker???
73.6%
Red Skull???
72.5%
Sting???
72.5%
Goldust???
72.3%
Killer Moth???
72.2%
Nature Boy???
71.1%
Hacksaw???
69.9%
Firebug???
68.9%
Iron Sheik???
68.3%
Deathbird???
67.5%
Jack O'Lantern???
67.1%
Copperhead???
67%
Scorch???
65.4%
Crazy Quilt???
63.9%
Mantis???
62.9%
Bug-Eyed Bandit???
62.4%
Wrestler/Supervillain Answer % Correct
Midnight Sun???
59.8%
Nightmare???
59.3%
Abra Kadabra???
59%
Cicada???
59%
Amazo???
58.5%
Pegasus Kid???
57.8%
Psychosis???
56.3%
The Machine???
55.8%
Dragon Man???
55.5%
Massacre???
54.1%
Joe Chill???
53.1%
Madusa???
50.6%
The Demon???
49.7%
Blitzkrieg???
48.7%
Black Tiger???
47.4%
Silver King???
42.5%
Magic Mask???
42.1%
Midnight???
39.5%

You're not logged in!

Compare scores with friends on all Sporcle quizzes.
OR
Log In

You Might Also Like...

Show Comments

Extras

Top Quizzes Today


Score Distribution

Your Account Isn't Verified!

In order to create a playlist on Sporcle, you need to verify the email address you used during registration. Go to your Sporcle Settings to finish the process.

Report this User

Report this user for behavior that violates our Community Guidelines.

Details: